书目信息 |
| 题名: |
铜回收、再生与加工技术
|
|
| 作者: | 赵国权 编著 | |
| 分册: | ||
| 出版信息: | 北京 化学工业出版社 2007 |
|
| 页数: | 286页 | |
| 开本: | 25cm | |
| 丛书名: | ||
| 单 册: | ||
| 中图分类: | TG146.1 | |
| 科图分类: | ||
| 主题词: | 铜--回收 , 铜--金属加工 , 铜 , 铜--再生 , 再生 , 金属加工 , 回收 | |
| 电子资源: | ||
| ISBN: | 978-7-5025-9541-8 | |
| 000 | 01065nam0 2200325 450 | |
| 000 | 01072nam0 2200325 450 | |
| 000 | 01002nam0 2200301 450 | |
| 000 | 00966nam0 2200289 45 | |
| 005 | 20070515190834.70 | |
| 010 | @a978-7-5025-9541-8@dCNY48.00 | |
| 100 | @a20070328d2007 em y0chiy0120 ea | |
| 101 | 0 | @achi |
| 102 | @aCN@b110000 | |
| 105 | @aa z 000yy | |
| 200 | 1 | @a铜回收、再生与加工技术@ATong Hui Shou、 Zai Sheng Yu Jia Gong Ji Shu@f赵国权等编著@FZhao Guo Quan Deng Bian Zhu |
| 210 | @a北京@c化学工业出版社@d2007 | |
| 215 | @a286页@c图@d25cm | |
| 304 | @a编著者还有:贺家齐,王碧文,张希忠 | |
| 330 | @a本收讲述了废杂铜的预处理、直接回收利用及再生冶金工艺,介绍了铜与铜合金的应用、铜与铜合金的加工技术与设备,对再生铜的环境保护和污染治理技术作了介绍。 | |
| 606 | 0 | @a铜@x回收 |
| 606 | 0 | @a铜@x金属加工 |
| 606 | 0 | @a铜 |
| 606 | 0 | @a铜@x再生 |
| 606 | 0 | @a再生 |
| 606 | 0 | @a金属加工 |
| 606 | 0 | @a回收 |
| 690 | @aTG146.1@v4 | |
| 701 | 0 | @a赵国权@AZhao Guo Quan@4编著 |
| 801 | 0 | @aCN@bTAOJIN@c20070515 |
| 905 | @a10447@dTG146.1@e41 | |
| 铜回收、再生与加工技术/赵国权等编著.-北京:化学工业出版社,2007 |
| 286页:图;25cm |
| ISBN 978-7-5025-9541-8:CNY48.00 |
| 本收讲述了废杂铜的预处理、直接回收利用及再生冶金工艺,介绍了铜与铜合金的应用、铜与铜合金的加工技术与设备,对再生铜的环境保护和污染治理技术作了介绍。 |
| ● |
| 相关链接 |
|
|
|
|
正题名:铜回收、再生与加工技术
索取号:TG146.1/41
 
预约/预借
| 序号 | 登录号 | 条形码 | 馆藏地/架位号 | 状态 | 备注 |
| 1 | 0520549 | 205205491 | 第二样本阅览室/ [索取号:TG146.1/41] | 在馆 | |
| 2 | 0520550 | 205205507 | 第三借阅区/ [索取号:TG146.1/41] | 在馆 | |
| 3 | 0520551 | 205205516 | 第三借阅区/ [索取号:TG146.1/41] | 在馆 | |
| 4 | 0520552 | 205205525 | 第三借阅区/ [索取号:TG146.1/41] | 在馆 | |
| 5 | 0520553 | 205205534 | 第三借阅区/ [索取号:TG146.1/41] | 在馆 | |
| 6 | 0520554 | 205205543 | 第三借阅区/ [索取号:TG146.1/41] | 在馆 | |
| 7 | 0520555 | 205205552 | 第三借阅区/ [索取号:TG146.1/41] | 在馆 | |
| 8 | 0520556 | 205205561 | 第三借阅区/ [索取号:TG146.1/41] | 在馆 |